000 00573nam a2200193 a 4500
001 000023040
005 20200930021940.0
008 101125s1953 it r 000 0 ita d
040 _aDO-SdBNP
_bspa
_cBNPHU
082 _axxxxx
_bM587t
245 0 0 _aTutte le opere di Pietro Metastasio / coordinación Bruno Brunelli.
250 _a2a ed.
260 _aItalia . :
_bArnoldo Mondadori,
_c1953.
300 _axlix, 1512 p. ;
_c18 cm.
490 1 _aClassici Mondadori ;
_v1
700 1 _aBrunelli, Bruno
_947408
830 0 _aClassici Mondadori ;
_n1
_947409
049 _aBNGR
999 _c22537
_d22537